000 00340nam a2200157Ia 4500
008 230711s9999||||xx |||||||||||||| ||und||
041 _aENG
082 _a800
_bVI-O
100 _aVirk,Hardev Singh
245 0 _aOur scientists
250 _a1st
260 _c1990
_aAmritsar
_bGNDU
300 _a172
650 _aLiterature
942 _cBK
999 _c1579
_d1579